[Event "Manizales Feria op 29th"]
[Site "Manizales"]
[Date "2024.01.07"]
[Round "4"]
[White "Vargas, Mauricio"]
[Black "Montoya, Nerio Antonio"]
[Result "1/2-1/2"]
[WhiteElo "1958"]
[BlackElo "1645"]
[PlyCount "137"]
[EventDate "2024.01.05"]
[EventType "swiss"]
[EventRounds "7"]
[EventCountry "COL"]
[SourceTitle "CB02_2024"]
[SourceDate "2024.01.10"]
[SourceVersion "1"]
[SourceVersionDate "2024.01.10"]
[SourceQuality "1"]

1. d4 Nc6 2. c4 Nf6 3. Nf3 e6 4. d5 Bb4+ 5. Nc3 Ne7 6. Bg5 Ne4 7. Bd2 Nxd2 8. Qxd2 d6 9. dxe6 Bxe6 10. a3 Ba5 11. e3 Qd7 12. Nd4 0-0 13. Be2 Rad8 14. 0-0 a6 15. Rac1 Bb6 16. Rfd1 Bxd4 17. Qxd4 Nc6 18. Qf4 Qe7 19. Nd5 Bxd5 20. cxd5 Ne5 21. Qb4 Rb8 22. Rc2 f5 23. h4 b6 24. Bxa6 Ng4 25. g3 g5 26. hxg5 Qxg5 27. Qf4 Qh5 28. f3 Ne5 29. Kg2 Rf7 30. Rh1 Qg6 31. Bb5 Rbf8 32. Kf1 Rg7 33. Kf2 Rf6 34. Rhc1 Rff7 35. a4 Re7 36. Rc3 Qf6 37. Qd4 Qg5 38. Rg1 Qg6 39. Be2 Nf7 40. Bd3 Ng5 41. Qh4 Re5 42. g4 Qf6 43. Qg3 fxg4 44. f4 Ne4+ 45. Bxe4 Rxe4 46. Rh1 Qg6 47. Qh4 Re8 48. Rhc1 g3+ 49. Kg1 Qe4 50. Qh5 Ree7 51. R1c2 Qxa4 52. Qh3 Qe8 53. Re2 Qb5 54. Qc8+ Re8 55. Rb3 Rxc8 56. Rxb5 h5 57. e4 h4 58. Kg2 Kh7 59. e5 Rcg8 60. Re1 dxe5 61. fxe5 Rf8 62. Rb4 Rf2+ 63. Kg1 Rh2 64. e6 h3 65. Rh4+ Kg8 66. e7 Rg2+ 67. Kh1 Rh2+ 68. Kg1 Rg2+ 69. Kh1 1/2-1/2

[Event "Manizales op 28th"]
[Site "Manizales"]
[Date "2023.01.06"]
[Round "2"]
[White "Diaz Alzate, Thomas"]
[Black "Montoya, Nerio Antonio"]
[Result "0-1"]
[WhiteElo "1459"]
[BlackElo "1661"]
[PlyCount "86"]
[EventDate "2023.01.05"]
[EventType "swiss"]
[EventRounds "8"]
[EventCountry "COL"]
[SourceTitle "CBM 212 Extra"]
[Source "ChessBase"]
[SourceDate "2023.03.31"]
[SourceVersion "1"]
[SourceVersionDate "2023.03.31"]
[SourceQuality "1"]

1. e4 Nf6 2. Nc3 d5 3. exd5 Nxd5 4. Bc4 e6 5. Bxd5 exd5 6. d4 Be6 7. Nf3 Be7 8. Bf4 c6 9. h3 Nd7 10. Qd2 h6 11. Ne5 Nxe5 12. Bxe5 Bf6 13. 0-0 Qd7 14. Qf4 0-0-0 15. Ne2 Bxe5 16. dxe5 g5 17. Qd4 a6 18. Rad1 h5 19. Nc3 b5 20. a4 Kb7 21. a5 Qc7 22. Qb4 c5 23. Qa3 b4 24. Qa4 bxc3 25. bxc3 Ka7 26. Rb1 Rb8 27. f4 gxf4 28. Rxb8 Rxb8 29. Rxf4 Rb1+ 30. Kh2 c4 31. Qa3 Qxe5 32. Qc5+ Kb7 33. Qe7+ Qc7 34. Qxc7+ Kxc7 35. Kg3 Kd6 36. Kh4 Rg1 37. Rf2 Re1 38. Kxh5 Re3 39. Rf3 Rxf3 40. gxf3 Bxh3 41. Kg5 Ke6 42. f4 f6+ 43. Kg6 Bf5+ 0-1

[Event "COL-ch U1800"]
[Site "Villamaria"]
[Date "2019.11.04"]
[Round "6"]
[White "Ceballos Castellanos, Isabela"]
[Black "Montoya, Nerio Antonio"]
[Result "0-1"]
[WhiteElo "1394"]
[BlackElo "1760"]
[PlyCount "56"]
[EventDate "2019.11.01"]
[EventType "swiss"]
[EventRounds "7"]
[EventCountry "COL"]
[SourceTitle "CBM 193 Extra"]
[Source "ChessBase"]
[SourceDate "2020.01.31"]
[SourceVersion "1"]
[SourceVersionDate "2020.01.31"]
[SourceQuality "1"]

1. e4 Nf6 2. e5 Nd5 3. c4 Nb6 4. d4 d6 5. f4 dxe5 6. fxe5 Nc6 7. Be3 Bf5 8. Nf3 e6 9. Be2 Be7 10. Nc3 Na5 11. c5 Nd5 12. Bd2 Nc6 13. a3 0-0 14. 0-0 f6 15. Bc4 fxe5 16. Bxd5 exd5 17. Qb3 Be6 18. Qxb7 Nxd4 19. Nxd4 Bxc5 20. Qc6 Bxd4+ 21. Kh1 Qd6 22. Qa4 Rxf1+ 23. Rxf1 Rf8 24. Rxf8+ Qxf8 25. Qa6 Bc8 26. Qd3 c6 27. h3 Qf2 28. b4 Qg1# 0-1

[Event "COL-ch U2000"]
[Site "Pereira"]
[Date "2019.03.23"]
[Round "4"]
[White "Montoya, Nerio Antonio"]
[Black "Borrero, Alexander"]
[Result "0-1"]
[WhiteElo "1782"]
[BlackElo "1986"]
[PlyCount "92"]
[EventDate "2019.03.21"]
[EventType "swiss"]
[EventRounds "9"]
[EventCountry "COL"]
[SourceTitle "CBM 189 Extra"]
[Source "ChessBase"]
[SourceDate "2019.06.03"]
[SourceVersion "1"]
[SourceVersionDate "2019.06.03"]
[SourceQuality "1"]

1. e4 d6 2. f4 c5 3. Bc4 Nf6 4. Nc3 Nc6 5. a4 a6 6. Nf3 Bg4 7. 0-0 e6 8. h3 Bxf3 9. Qxf3 Nd4 10. Qd3 d5 11. exd5 exd5 12. Ba2 Be7 13. Ne2 Nc6 14. c3 0-0 15. Qf3 c4 16. d4 cxd3 17. Qxd3 b5 18. Bb1 b4 19. g4 Na5 20. Be3 Nb3 21. Ra2 Nc5 22. Bxc5 Bxc5+ 23. Nd4 b3 24. Ra1 Re8 25. Kg2 Qb6 26. a5 Qb7 27. Qf5 Bxd4 28. cxd4 Qb4 29. g5 Qd2+ 30. Rf2 Re2 31. Rxe2 Qxe2+ 32. Kg1 Qd1+ 33. Kg2 Qd2+ 34. Kf1 Re8 35. Bd3 Ne4 36. Bxe4 dxe4 37. Qd7 Rf8 38. Qg4 Qxb2 39. Rd1 Qa2 40. Qe2 Rb8 41. Qxe4 b2 42. Rb1 g6 43. Kg2 Qxa5 44. Kf3 Rb3+ 45. Kg4 f5+ 46. gxf6 Qh5# 0-1

[Event "COL-ch U2000"]
[Site "Pereira"]
[Date "2019.03.22"]
[Round "2"]
[White "Montoya, Nerio Antonio"]
[Black "Gomez Vasquez, Laura Sofia"]
[Result "1/2-1/2"]
[WhiteElo "1782"]
[BlackElo "1603"]
[PlyCount "48"]
[EventDate "2019.03.21"]
[EventType "swiss"]
[EventRounds "9"]
[EventCountry "COL"]
[SourceTitle "CBM 189 Extra"]
[Source "ChessBase"]
[SourceDate "2019.06.03"]
[SourceVersion "1"]
[SourceVersionDate "2019.06.03"]
[SourceQuality "1"]

1. e4 c5 2. f4 d5 3. exd5 Nf6 4. Nc3 Nxd5 5. Nxd5 Qxd5 6. Qf3 e6 7. b3 Qxf3 8. Nxf3 Bd6 9. g3 Nc6 10. Bb2 f6 11. 0-0-0 Bd7 12. Re1 0-0-0 13. Bh3 Rhe8 14. Re2 Re7 15. Rhe1 Rde8 16. d4 Kc7 17. c3 cxd4 18. Nxd4 Nxd4 19. cxd4 Bb4 20. Rd1 Bc6 21. Bg2 Bxg2 22. Rxg2 Rd7 23. Rc2+ Kb8 24. Rc4 Rc8 1/2-1/2

[Event "Manizales op 26th"]
[Site "Manizales"]
[Date "2017.01.07"]
[Round "7"]
[White "Montoya, Nerio Antonio"]
[Black "Rojas, Alejandro"]
[Result "0-1"]
[WhiteElo "1778"]
[BlackElo "2003"]
[PlyCount "100"]
[EventDate "2017.01.04"]
[EventType "swiss"]
[EventRounds "9"]
[EventCountry "COL"]
[SourceTitle "CBM 176 Extra"]
[Source "ChessBase"]
[SourceDate "2017.03.02"]
[SourceVersion "1"]
[SourceVersionDate "2017.03.02"]
[SourceQuality "1"]

1. e4 e5 2. f4 Bc5 3. Nf3 d6 4. Bc4 Nc6 5. c3 Bg4 6. Rf1 Qe7 7. b4 Bb6 8. a4 a6 9. Bd5 Nf6 10. h3 Nxd5 11. exd5 exf4+ 12. Qe2 Qxe2+ 13. Kxe2 Bxf3+ 14. Rxf3 Ne7 15. Rxf4 Nxd5 16. Re4+ Kd7 17. Na3 f5 18. Rc4 Rae8+ 19. Kd1 Re6 20. Bb2 Rhe8 21. Nc2 g5 22. Nd4 Bxd4 23. Rxd4 c6 24. Ra3 Re2 25. Rb3 Nc7 26. c4 Rxg2 27. Rbd3 d5 28. cxd5 Nxd5 29. Rxd5+ cxd5 30. Rxd5+ Kc8 31. Rxf5 Rd8 32. Bc3 Rd3 33. Rf8+ Rd8 34. Rf7 Rd7 35. Rf8+ Kc7 36. Rf6 b6 37. a5 bxa5 38. bxa5 Kb7 39. Rh6 Rg3 40. Kc2 g4 41. hxg4 Rxg4 42. Rb6+ Ka7 43. Rb1 h5 44. Be5 Rd5 45. Bc3 h4 46. Rf1 Rh5 47. Rf7+ Kb8 48. Rf8+ Kc7 49. Rf6 h3 50. Rxa6 h2 0-1

[Event "Manizales op 26th"]
[Site "Manizales"]
[Date "2017.01.06"]
[Round "4"]
[White "Flor Chilma, Yuergen Duvan"]
[Black "Montoya, Nerio Antonio"]
[Result "1/2-1/2"]
[WhiteElo "1600"]
[BlackElo "1778"]
[PlyCount "45"]
[EventDate "2017.01.04"]
[EventType "swiss"]
[EventRounds "9"]
[EventCountry "COL"]
[SourceTitle "CBM 176 Extra"]
[Source "ChessBase"]
[SourceDate "2017.03.02"]
[SourceVersion "1"]
[SourceVersionDate "2017.03.02"]
[SourceQuality "1"]

1. e4 Nf6 2. e5 Nd5 3. d4 d6 4. c4 Nb6 5. f4 dxe5 6. fxe5 Bf5 7. Be3 Nc6 8. Nc3 e6 9. Nf3 Bb4 10. Be2 0-0 11. 0-0 Bxc3 12. bxc3 Na5 13. c5 Nbc4 14. Bxc4 Nxc4 15. Bg5 Qd5 16. Qe2 a6 17. Nd2 b5 18. cxb6 Nxd2 19. Qxd2 cxb6 20. a4 b5 21. axb5 axb5 22. Be7 Rfc8 23. Bb4 1/2-1/2

[Event "Manizales Castro Memorial"]
[Site "Manizales"]
[Date "2015.12.20"]
[Round "7"]
[White "Villamil, Alejandro"]
[Black "Montoya, Nerio Antonio"]
[Result "1-0"]
[WhiteElo "1747"]
[BlackElo "1677"]
[PlyCount "99"]
[EventDate "2015.12.17"]
[EventType "swiss"]
[EventRounds "7"]
[EventCountry "COL"]
[SourceTitle "CBM 170 Extra"]
[Source "ChessBase"]
[SourceDate "2016.02.25"]
[SourceVersion "1"]
[SourceVersionDate "2016.02.25"]
[SourceQuality "1"]

1. d4 f5 2. Bf4 Nf6 3. h3 g6 4. c4 Bg7 5. Nc3 a6 6. Nf3 0-0 7. e3 d6 8. Be2 Nbd7 9. Ng5 Nb6 10. Qb3 e6 11. Rd1 h6 12. Nf3 g5 13. Bh2 Ne4 14. Nxe4 fxe4 15. Nd2 d5 16. c5 Nd7 17. Bg4 Nf6 18. Be2 Rf7 19. 0-0 h5 20. f3 exf3 21. Nxf3 Ne4 22. Ne5 Rf5 23. Bxh5 Rxf1+ 24. Kxf1 Qf6+ 25. Bf3 Qf8 26. Qd3 b6 27. Kg1 bxc5 28. Rf1 c4 29. Qc2 Bxe5 30. Bxe5 Qf5 31. Bh5 Qh7 32. Bf7+ Qxf7 33. Rxf7 Kxf7 34. Qd1 Kg6 35. Qa4 Nf6 36. Bxc7 Bd7 37. Qb4 Rh8 38. Be5 Rg8 39. Qd6 Rg7 40. Qxa6 Rf7 41. g4 Ne4 42. Qa8 Nf6 43. Qh8 Rg7 44. h4 gxh4 45. g5 Ne8 46. Bxg7 Nxg7 47. Qh6+ Kf7 48. Qf6+ Kg8 49. g6 Be8 50. a4 1-0

[Event "Manizales Castro Memorial"]
[Site "Manizales"]
[Date "2015.12.18"]
[Round "3"]
[White "Palomino, Dario"]
[Black "Montoya, Nerio Antonio"]
[Result "1/2-1/2"]
[WhiteElo "1907"]
[BlackElo "1677"]
[PlyCount "97"]
[EventDate "2015.12.17"]
[EventType "swiss"]
[EventRounds "7"]
[EventCountry "COL"]
[SourceTitle "CBM 170 Extra"]
[Source "ChessBase"]
[SourceDate "2016.02.25"]
[SourceVersion "1"]
[SourceVersionDate "2016.02.25"]
[SourceQuality "1"]

1. Nf3 Nc6 2. e4 e5 3. Bb5 f5 4. 0-0 fxe4 5. Bxc6 dxc6 6. Nxe5 Nf6 7. d4 Be7 8. c3 Be6 9. Bg5 0-0 10. Nd2 Nd7 11. Bxe7 Qxe7 12. Nxd7 Bxd7 13. Re1 Qf7 14. Nxe4 Rae8 15. f3 Qg6 16. Kh1 b6 17. Qd2 h6 18. Ng3 Be6 19. Re5 Bd5 20. Rxe8 Rxe8 21. b3 b5 22. Rc1 Qe6 23. Kg1 a5 24. Kf2 a4 25. bxa4 bxa4 26. a3 Rb8 27. Re1 Qd6 28. Nf5 Qxa3 29. Qf4 Rf8 30. Qg4 Rxf5 31. Qxf5 Bf7 32. Qc8+ Qf8 33. Qxc7 a3 34. Qxc6 Qb8 35. c4 Qb2+ 36. Kg3 a2 37. Qa8+ Kh7 38. d5 Bg6 39. d6 Bb1 40. d7 Qd2 41. Qe8 Qg5+ 42. Kf2 a1Q 43. d8Q Qa2+ 44. Re2 Qa7+ 45. Kf1 Qc1+ 46. Re1 Qxc4+ 47. Re2 Qc1+ 48. Re1 Qc4+ 49. Re2 1/2-1/2

[Event "Villamaria Nacional U2200"]
[Site "Villamaria"]
[Date "2015.12.05"]
[Round "4.13"]
[White "Montoya, Nerio Antonio"]
[Black "Zuluaga, Nicolas"]
[Result "1-0"]
[WhiteElo "1677"]
[BlackElo "1772"]
[PlyCount "79"]
[EventDate "2015.12.04"]
[EventType "swiss"]
[EventRounds "7"]
[EventCountry "COL"]
[SourceTitle "EXT 2024"]
[Source "ChessBase"]
[SourceDate "2023.10.10"]
[SourceVersion "1"]
[SourceVersionDate "2023.10.10"]
[SourceQuality "1"]

1. e4 c5 2. f4 e5 3. Nf3 d6 4. Bc4 h6 5. 0-0 exf4 6. d4 g5 7. dxc5 Be6 8. Bxe6 fxe6 9. Nd4 Qf6 10. Nb5 Na6 11. cxd6 Rd8 12. N1c3 Nc5 13. Re1 a6 14. e5 Qg6 15. Nc7+ Kf7 16. b4 Nd7 17. Bb2 Nxe5 18. Ne4 Bg7 19. Nc5 Nc4 20. N5xe6 Rxd6 21. Nd8+ Rxd8 22. Qxd8 Qb6+ 23. Kh1 Bxb2 24. Qd7+ Kg6 25. Re6+ Nf6 26. Qd3+ Kh5 27. Rxb6 Nxb6 28. Ne6 Nfd5 29. Rb1 Bf6 30. c4 Ne3 31. c5 Nbc4 32. Rd1 Ne5 33. Qe2+ Kg6 34. Rd6 N5c4 35. Qd3+ Kf7 36. Nd8+ Rxd8 37. Rxd8 Bxd8 38. Qxd8 Ne5 39. Qc7+ Kf6 40. Qxb7 1-0

[Event "Villamaria Nacional U2200"]
[Site "Villamaria"]
[Date "2015.12.05"]
[Round "3.15"]
[White "Rivera Fernandez, Fredy Alejandro"]
[Black "Montoya, Nerio Antonio"]
[Result "0-1"]
[WhiteElo "1575"]
[BlackElo "1677"]
[PlyCount "72"]
[EventDate "2015.12.04"]
[EventType "swiss"]
[EventRounds "7"]
[EventCountry "COL"]
[SourceTitle "EXT 2024"]
[Source "ChessBase"]
[SourceDate "2023.10.10"]
[SourceVersion "1"]
[SourceVersionDate "2023.10.10"]
[SourceQuality "1"]

1. e4 Nf6 2. Nc3 d5 3. exd5 Nxd5 4. Nxd5 Qxd5 5. Nf3 Bg4 6. Be2 e6 7. c4 Qh5 8. 0-0 Bd6 9. h3 Bxf3 10. Bxf3 Qe5 11. g3 c6 12. d4 Qf6 13. h4 h6 14. d5 e5 15. dxc6 Nxc6 16. Be3 0-0 17. Qa4 Qxf3 18. Rad1 Nd4 19. Bxd4 exd4 20. Kh2 Be5 21. Qb5 Bf6 22. c5 Rad8 23. Rd3 Qc6 24. Qc4 Rd5 25. Rc1 Rc8 26. b4 b6 27. b5 Qxc5 28. Qxc5 Rdxc5 29. Rb1 Rc2 30. a4 Rxf2+ 31. Kg1 Rcc2 32. Rdd1 Rg2+ 33. Kf1 Be5 34. Rbc1 Rcf2+ 35. Ke1 Bxg3 36. Rd2 Rg1# 0-1

[Event "Villamaria Nacional U2200"]
[Site "Villamaria"]
[Date "2015.12.04"]
[Round "2.14"]
[White "Montoya, Nerio Antonio"]
[Black "Dabraccio, Guillermo"]
[Result "0-1"]
[WhiteElo "1677"]
[BlackElo "1727"]
[PlyCount "47"]
[EventDate "2015.12.04"]
[EventType "swiss"]
[EventRounds "7"]
[EventCountry "COL"]
[SourceTitle "EXT 2024"]
[Source "ChessBase"]
[SourceDate "2023.10.10"]
[SourceVersion "1"]
[SourceVersionDate "2023.10.10"]
[SourceQuality "1"]

1. e4 e6 2. d4 d5 3. e5 c5 4. c3 Qb6 5. b3 Nc6 6. Nf3 Bd7 7. Be2 Be7 8. 0-0 f6 9. dxc5 Bxc5 10. b4 Be7 11. Be3 Qc7 12. exf6 Bxf6 13. a3 Ne5 14. Bd4 Nxf3+ 15. Bxf3 Bxd4 16. Qxd4 Nf6 17. Re1 0-0 18. Nd2 Rfe8 19. Rac1 e5 20. Bxd5+ Kh8 21. Qc4 Nxd5 22. Qxd5 Bc6 23. Qc4 Rad8 24. Qe2 0-1